书目信息 |
| 题名: |
人力资源管理
|
|
| 作者: | 戴斯勒 , 格林 著 | |
| 分册: | ||
| 出版信息: | 北京 清华大学出版社 2001.09 |
|
| 页数: | 699页 | |
| 开本: | 30cm | |
| 丛书名: | ||
| 单 册: | ||
| 中图分类: | F240 , F241 | |
| 科图分类: | ||
| 主题词: | 劳动经济 | |
| 电子资源: | ||
| ISBN: | 7-302-04742-1 | |
| 000 | 00597nam0 2200217 45 | |
| 001 | 0440920580 | |
| 005 | 2004042911215888 | |
| 010 | @a7-302-04742-1@dCNY 76.00 | |
| 100 | @a20040429d2001 km y0chiy0120 ea | |
| 101 | 0 | @aeng |
| 102 | @aCN@b110000 | |
| 200 | 1 | @a人力资源管理@ARen Li Zi Yuan Guan Li@f(美)戴斯勒,格林著@F(Mei)Dai Si Le,Ge Lin Zhu |
| 210 | @a北京@c清华大学出版社@d2001.09 | |
| 215 | @a699页@d30cm | |
| 606 | 0 | @a劳动经济 |
| 690 | @aF240@v3 | |
| 690 | 1 | @aF241@v4 |
| 701 | 0 | @a戴斯勒@ADai Si Le@4著 |
| 701 | 0 | @a格林@AGe Lin@4著 |
| 801 | 0 | @aCN@bPFT@c20040429 |
| 905 | @dF241@eD120 | |
| 人力资源管理/(美)戴斯勒,格林著.-北京:清华大学出版社,2001.09 |
| 699页;30cm |
| ISBN 7-302-04742-1:CNY 76.00 |
| ● |
| 相关链接 |
|
|
|
正题名:人力资源管理
索取号:F241/D120
 
预约/预借
| 序号 | 登录号 | 条形码 | 馆藏地/架位号 | 状态 | 备注 |
| 1 | 381267 | 203812678 | 社科库409/ [索取号:F241/D120] | 在馆 | |
| 2 | 381268 | 203812687 | 社科库409/409社科库 79排2列2层/ [索取号:F241/D120] | 在馆 | |
| 3 | 381269 | 203812696 | 社科库409/409社科库 79排2列2层/ [索取号:F241/D120] | 在馆 |